Diseño hidráulico de las obras de desvío del proyecto Hidroeléctrico El Diquís
Gardado en:
| Autor Principal: | |
|---|---|
| Formato: | Libro |
| Idioma: | Spanish |
| Publicado: |
[San José], Costa Rica
2015
|
| Materias: | |
| Etiquetas: |
Engadir etiqueta
Sen Etiquetas, Sexa o primeiro en etiquetar este rexistro!
|
MARC
| LEADER | 00000nam a22000007a 4500 | ||
|---|---|---|---|
| 003 | 012258 | ||
| 005 | 20221231143913.0 | ||
| 008 | 150917b2015 cr ab||| |||| 00| 0 spa d | ||
| 040 | |c cru CEDI | ||
| 090 | |a TFG 7422 | ||
| 100 | |a Vega Lacayo, Jeimy Gabriela |9 1164 | ||
| 245 | |a Diseño hidráulico de las obras de desvío del proyecto Hidroeléctrico El Diquís | ||
| 260 | |a [San José], Costa Rica |c 2015 | ||
| 500 | |a Proyecto de graduación (licenciatura en ingeniería civil)--Universidad de Costa Rica. Facultad de Ingeniería. Escuela de Ingeniería Civil | ||
| 650 | |x ESTRUCTURAS HIDRAULICAS |x INGENIERÍA HIDRAÚLICA |x EMBALSES |x ESTABILIZACION DE SUELOS |x CONSTRUCCION DE TUNELES |x TUBERIAS DE ACERO - DISEÑO Y CONSTRUCCION |x DEPOSITOS PARA AGUA |x INSTITUTO COSTARRICENSE DE ELECTRICIDAD. PROYECTO HIDROELECTRICO EL DIQUIS |9 1165 | ||
| 942 | |c TFG | ||
| 999 | |c 14003 |d 14003 | ||
